000 00226nam a22000857a 4500
008 161214b xxu||||| |||| 00| 0 eng d
100 _92048
_aAdvent verlag
245 _aMeine lieblingsgeschichten
260 _aUSA
_bAdvent verlag
_c2007
999 _c4919
_d4919